LEADER 01215nam a2200301 u 4500 001 000000040977 003 CaOOAMICUS 005 20070226114149.0 008 980908s1993 it u000 u ita u 020 $a8821526127 035 $a10802576 040 $aMSA$bita$dPUL(R) 100 1 $aAncona, Giovanni.$0(OLS)http://pul/name/6035 245 13$aLa morte :$bteologia e catechesi /$cGiovanni Ancona. 260 $aCinisello Balsamo :$bPaoline,$cc1993. 300 $a122 p. ;$c21 cm 490 1 $aUniverso teologia.$aTeologia pratica ;$v16 504 $aBibliografia in nota. 650 4$aMorte$xAspetti religiosi.$0(OLS)http://pul/subject/4358 650 4$aEscatologia.$0(OLS)http://pul/subject/791 830 0$aUniverso teologia.$nTeologia pratica ;$v16.$0(OLS)http://pul/title/55272 850 $aPUL 852 $aPUL$W1$xSL Religione 1$y3$m68 F 112$j55587$nBK-PRI$b $qStampati$B55587$CPULBib$Z2$F55587 $H $81 941 1 $a8 961 $aINV: 82398 996 $6020$a8821526127$9(OLS)http://pul/number/50920 996 $6245$aLa morte :$bteologia e catechesi$9(OLS)http://pul/title/55271 996 $6260$aCinisello Balsamo :$bPaoline$9(OLS)http://pul/publisher/55313 LEADER 01150nam a2200241 u 4500 001 000000065623 003 CaOOAMICUS 005 20070226121503.0 008 011211s1941 it u000 u ita u 035 $a10913660 040 $aPUL(R)$bita 111 2 $aCongresso Nazionale di Filosofia$n(14 :$d1940 :$cFirenze).$0(OLS)http://pul/name/44140 245 10$aAtti del XIV Congresso Nazionale di Filosofia :$b(Firenze 21-25 ottobre 1940) /$cpromosso dal R. Istituto di Studi Filosofici. 260 $aMilano :$bBocca,$c1941. 300 $a517 p. ;$c22 cm 490 1 $aPubblicazioni del R. Istituto di studi filosofici ;$v4 650 4$aFilosofia$xCongressi.$0(OLS)http://pul/subject/8496 830 0$aPubblicazioni del R. Istituto di studi filosofici ;$v4.$0(OLS)http://pul/title/87256 850 $aPUL 852 $aPUL$W1$xDP2 Filosofia 1$y62$m94 H 21$j84937$nBK-PRI$qStampati$B84937$CPULBib$Z2$F84937 $Hnull $81 941 1 $a8 996 $6245$aAtti del XIV Congresso Nazionale di Filosofia :$b(Firenze 21-25 ottobre 1940)$9(OLS)http://pul/title/87255 996 $6260$aMilano :$bBocca$9(OLS)http://pul/publisher/50867